| 000 | 01237nac a22003011i 4500 | ||
|---|---|---|---|
| 003 | EG-ScBUE | ||
| 005 | 20230227054909.0 | ||
| 008 | 230227s1990 maua f b 001 0 eng d | ||
| 020 | _a0821218123 | ||
| 040 |
_aEG-ScBUE _beng _erda _cEG-ScBUE _dEG-ScBUE |
||
| 082 | 0 | 0 |
_a746.0439 _bROT _222 |
| 100 | 1 |
_aRothstein, Natalie, _d1930-2010, _eauthor. |
|
| 245 | 1 | 0 |
_aSilk designs of the eighteenth century : _bin the collection of the Victoria and Albert Museum, London : with a complete catalogue / _cNatalie Rothstein. |
| 264 | 1 |
_aBoston : _bA Bulfinch Press Book, _c1990. |
|
| 300 |
_a351 pages : _billustrations (some color) ; _c35 cm |
||
| 336 |
_2rdacontent _atext _btxt |
||
| 337 |
_2rdamedia _aunmediated _bn |
||
| 338 |
_2rdacarrier _avolume _bnc |
||
| 504 | _aIncludes bibliographical references and index. | ||
| 610 | 2 | 7 |
_aVictoria and Albert Museum _xCatalogs. _2BUEsh |
| 650 | 7 |
_aSilk _zEngland _xHistory _y18th century _xCatalogs. _2BUEsh |
|
| 650 | 7 |
_aSilk _zFrance _xHistory _y18th century _xCatalogs. _2BUEsh |
|
| 650 | 7 |
_aTextile design _zEngland _xHistory _y18th century _xCatalogs. _2BUEsh |
|
| 650 | 7 |
_aTextile design _zFrance _xHistory _y18th century _xCatalogs. _2BUEsh |
|
| 653 | _bART | ||
| 655 | _vReading book | ||
| 942 |
_cNB _2ddc |
||
| 999 |
_c9512 _d9512 |
||